| 000 | 00651nam a22002177a 4500 | ||
|---|---|---|---|
| 005 | 20251108173347.0 | ||
| 008 | 250721s1999 xx 000 0 ara d | ||
| 082 | 1 | 4 | _aط/591.3/تحو |
| 245 | 1 | 0 | _aالتحول الشكلي / |
| 246 | 1 | 1 | _aLa metamorfosis |
| 264 | 1 |
_aبيروت : _bأكاديميا إنترناشيونال، _c1999. |
|
| 300 | _a32ص. : مص | ||
| 490 | 0 | _aدورات الحياة | |
| 650 | 1 | 7 | _aدورة الحياة |
| 650 | 1 | 7 | _aالتحول |
| 650 | 1 | 7 | _aمراحل التطور |
| 650 | 1 | 7 | _aالحيوانات |
| 653 | _aمرحلة ناشؤون صغار (10-14) سنة | ||
| 942 |
_2ddc _cBK |
||
| 999 |
_c102111 _d102111 |
||